Reflexiones en tono al régimen municipal costarricense /

Uloženo v:
Podrobná bibliografie
Hlavní autor: Rodríguez Mena, Paulino
Médium: Text
Témata:
Tagy: Přidat tag
Žádné tagy, Buďte první, kdo vytvoří štítek k tomuto záznamu!

MARC

LEADER 00000 a a2200000 04500
001 16811
003
040
100 |a Rodríguez Mena, Paulino  
245 |a Reflexiones en tono al régimen municipal costarricense /  |c Paulino Rodríguez Mena 
650 |a GOBIERNO LOCAL  
650 |a PARTICIPACION POLITICA  
650 |a PARTICIPACION SOCIAL  
650 |a LEGISLACION  
650 |a SISTEMAS POLITICOS  
773 |g volumen 11, número 1; páginas 179-197  
999 |c 29182  |d 29182